| 000 | 00372nam a22001217a 4500 | ||
|---|---|---|---|
| 020 | _a9781138414631 | ||
| 082 |
_a346.02 _bDEV |
||
| 100 |
_aDevenney, James _9128326 |
||
| 245 |
_aContract, Tort and Restitution Statutes 2012-2013 / _cJames Devenney and Howard Johnson |
||
| 260 |
_aLondon : _bRoutledge, _c2013. |
||
| 650 |
_aLaw, Contract, torts _9128327 |
||
| 942 |
_2ddc _cBK |
||
| 999 |
_c613336 _d613336 |
||